|
|
|
|
| LEADER |
00000nam0a2200000 4500 |
| 001 |
126337 |
| 005 |
20231101220004.0 |
| 010 |
|
|
|a 9785948330259
|
| 035 |
|
|
|a (RuTPU)RU\TPU\book\136674
|
| 090 |
|
|
|a 126337
|
| 100 |
|
|
|a 20071127d2007 km y0rusy50 ca
|
| 101 |
1 |
|
|a rus
|c eng
|
| 102 |
|
|
|a RU
|
| 105 |
|
|
|a a z 001zy
|
| 200 |
1 |
|
|a Цифровая обработка сигналов для инженеров и технических специалистов
|e практическое руководство
|e пер. с англ.
|f Э. Лэй
|
| 210 |
|
|
|a Москва
|c Группа ИДТ
|d 2007
|
| 215 |
|
|
|a 336 с.
|c ил.
|
| 225 |
1 |
|
|a Безопасность и системы промышленной автоматизации. Опыт практического применения
|
| 320 |
|
|
|a Предметный указатель: с. 330-335.
|
| 330 |
|
|
|a В издании рассмотрены практические аспекты применения цифровой обработки сигналов (ЦОС), особое внимание уделено их реализации, просчетам и диагностике. Основы ЦОС представлены на практических примерах, с подробными разъяснениями и минимумом формул. Использование ЦОС изложено в аспекте применения в различных областях промышленности — от управления процессом до техники связи. Книга будет полезна инженерам систем управления и систем связи, электротехникам, инженерам по электронике и мониторингу текущего состояния систем, а также другим техническим специалистам.
|
| 606 |
1 |
|
|a Сигналы
|x Цифровая обработка
|2 stltpush
|3 (RuTPU)RU\TPU\subj\67734
|9 83426
|
| 610 |
1 |
|
|a преобразование
|
| 610 |
1 |
|
|a дискретные сигналы
|
| 610 |
1 |
|
|a применение
|
| 610 |
1 |
|
|a фильтры
|
| 610 |
1 |
|
|a цифровые фильтры
|
| 610 |
1 |
|
|a цифровые процессоры
|
| 610 |
1 |
|
|a разработка
|
| 610 |
1 |
|
|a средства
|
| 610 |
1 |
|
|a аппаратное обеспечение
|
| 610 |
1 |
|
|a программное обеспечение
|
| 610 |
1 |
|
|a практические руководства
|
| 675 |
|
|
|a 621.372.037
|v 3
|
| 700 |
|
1 |
|a Лэй
|b Э.
|g Эдмунд
|
| 801 |
|
1 |
|a RU
|b 63413507
|c 20071127
|g PSBO
|
| 801 |
|
2 |
|a RU
|b 63413507
|c 20130405
|g PSBO
|
| 900 |
|
|
|a Методы и средства цифровой обработки сигналов
|
| 900 |
|
|
|a Цифровая обработка сигналов
|
| 942 |
|
|
|c BK
|
| 959 |
|
|
|a 84/20071126
|d 1
|e 1100,00
|f ЧЗТЛ:1
|